|
|
|
|
| LEADER |
00000nam0a2200000 4500 |
| 001 |
319444 |
| 005 |
20231102003200.0 |
| 035 |
|
|
|a (RuTPU)RU\TPU\book\344953
|
| 090 |
|
|
|a 319444
|
| 100 |
|
|
|a 20160531d1943 km y0rusy50 ca
|
| 101 |
0 |
|
|a rus
|
| 102 |
|
|
|a UA
|
| 105 |
|
|
|a a z 001zy
|
| 200 |
1 |
|
|a Фотоэлектрические методы анализа черных, цветных металлов и руд
|e руководство к пользованию прибором А. Л. Давыдова и инструкции к определению кремния, фосфора, молибдена, ванадия, никеля, хрома, меди, углерода, ниобия и железа
|f А. Л. Давыдов, З. М. Вайсберг
|g Академия наук Украинской ССР (АН УССР), Институт физической химии им. Л. В. Писаржевского
|
| 210 |
|
|
|a Киев
|c Изд-во Академии наук УССР
|d 1943
|
| 215 |
|
|
|a 30 с.
|c ил.
|
| 320 |
|
|
|a Библиогр.: с. 28
|
| 606 |
1 |
|
|a Физическая химия
|x Исследования
|2 stltpush
|3 (RuTPU)RU\TPU\subj\74221
|9 86672
|
| 610 |
1 |
|
|a анализ
|
| 610 |
1 |
|
|a фотоэлектрические методы
|
| 610 |
1 |
|
|a черные металлы
|
| 610 |
1 |
|
|a цветные металлы
|
| 610 |
1 |
|
|a руды
|
| 675 |
|
|
|a 544.08
|v 4
|
| 700 |
|
1 |
|a Давыдов
|b А. Л.
|
| 701 |
|
1 |
|a Вайсберг
|b З. М.
|
| 712 |
0 |
2 |
|a Академия наук Украинской ССР (АН УССР)
|b Институт физической химии им. Л. В. Писаржевского
|2 stltpush
|3 (RuTPU)RU\TPU\col\11861
|
| 801 |
|
1 |
|a RU
|b 63413507
|c 20160531
|
| 801 |
|
2 |
|a RU
|b 63413507
|c 20170816
|g RCR
|
| 942 |
|
|
|c BK
|